Расчет и конструирование аэродромных покрытий: учебное пособие

Bibliographic Details
Main Author: Белинский И. А.
Corporate Author: Киевский институт инженеров гражданской авиации
Other Authors: Циприанович И. В. (редактор), Блохин В. И.
Language:Russian
Published: Киев, Изд-во КИИГА, 1973
Subjects:
Format: Book
KOHA link:https://koha.lib.tpu.ru/cgi-bin/koha/opac-detail.pl?biblionumber=82249

MARC

LEADER 00000nam0a2200000 4500
001 82249
005 20231101213223.0
035 |a (RuTPU)RU\TPU\book\88395 
090 |a 82249 
100 |a 20050929d1973 m y0rusy50 ca 
101 0 |a rus 
102 |a RU 
105 |a a j 001zy 
200 1 |a Расчет и конструирование аэродромных покрытий  |e учебное пособие  |f И. А. Белинский, И. В. Циприанович  |g Киевский институт инженеров гражданской авиации; под ред. В. И. Блохин 
210 |a Киев  |c Изд-во КИИГА  |d 1973 
215 |a 88 с.  |c ил. 
320 |a Библиогр.: с. 87. 
610 1 |a аэродромы 
610 1 |a аэродромные покрытия 
610 1 |a расчет 
610 1 |a конструирование 
610 1 |a учебные пособия 
675 |a 656(075.8)  |v 3 
700 1 |a Белинский  |b И. А. 
701 1 |a Циприанович  |b И. В. 
702 1 |a Блохин  |b В. И.  |4 340 
712 0 2 |a Киевский институт инженеров гражданской авиации  |2 stltpush  |3 (RuTPU)RU\TPU\col\7483  |9 24336 
801 1 |a RU  |b 63413507  |c 20050929  |g PSBO 
801 2 |a RU  |b 63413507  |c 20051107  |g PSBO 
942 |c BK